[Event "Collado Villalba 64 op 4th"]
[Site "Collado Villalba"]
[Date "2016.07.24"]
[Round "9"]
[White "Benito Alba, Eladio"]
[Black "Lacaci Otero, Ivan"]
[Result "0-1"]
[WhiteElo "1599"]
[BlackElo "1783"]
[PlyCount "31"]
[EventDate "2016.07.17"]
[EventType "swiss"]
[EventRounds "9"]
[EventCountry "ESP"]
[SourceTitle "EXT 2017"]
[Source "ChessBase"]
[SourceDate "2016.10.25"]
[SourceVersion "1"]
[SourceVersionDate "2016.10.25"]
[SourceQuality "1"]

1. d4 g6 2. c4 Bg7 3. Nc3 c5 4. d5 d6 5. Nf3 Nf6 6. e4 Qa5 7. Bd2 Qb6 8. Rb1 Nbd7 9. Be2 Ng4 10. h3 Nge5 11. 0-0 Nxf3+ 12. Bxf3 Ne5 13. Be2 f5 14. f4 Nf7 15. Be3 0-0 16. b4 0-1

[Event "Collado Villalba 64 op 4th"]
[Site "Collado Villalba"]
[Date "2016.07.20"]
[Round "4.10"]
[White "Benito Alba, Eladio"]
[Black "Enriquez Pastor, Jorge"]
[Result "1/2-1/2"]
[WhiteElo "1599"]
[BlackElo "1403"]
[PlyCount "89"]
[EventDate "2016.07.17"]
[EventType "swiss"]
[EventRounds "9"]
[EventCountry "ESP"]
[SourceTitle "EXT 2017"]
[Source "ChessBase"]
[SourceDate "2016.10.25"]
[SourceVersion "1"]
[SourceVersionDate "2016.10.25"]
[SourceQuality "1"]

1. d4 Nf6 2. c4 g6 3. Nc3 Bg7 4. e4 d6 5. Nf3 0-0 6. h3 e5 7. Bg5 exd4 8. Nxd4 Qe8 9. Bxf6 Bxf6 10. Be2 Be6 11. 0-0 Nc6 12. Nxc6 Qxc6 13. Nd5 Bxd5 14. exd5 Qc5 15. Qd2 Qd4 16. Qxd4 Bxd4 17. Rab1 Rfe8 18. Bd3 Re7 19. b3 Rae8 20. Rfd1 Bg7 21. Kf1 Bc3 22. Rdc1 Bb4 23. Rd1 a5 24. Ra1 Bc3 25. Rac1 Bb4 26. Ra1 Re5 27. a3 Bc5 28. Rab1 Bxa3 29. Re1 f6 30. Rxe5 fxe5 31. f3 Rf8 32. Re1 Bc5 33. Re4 g5 34. h4 h6 35. hxg5 hxg5 36. Ke2 Rf4 37. g3 Rf7 38. Rg4 Rg7 39. Bf5 Kf7 40. Kd3 Kf6 41. Ke4 Bb4 42. f4 Bc3 43. fxg5+ Rxg5 44. Rxg5 Kxg5 45. g4 1/2-1/2

[Event "Collado Villalba op-B 32nd"]
[Site "Collado Villalba"]
[Date "2015.08.27"]
[Round "6"]
[White "Suarez Prieto, Leopoldo"]
[Black "Benito Alba, Eladio"]
[Result "1/2-1/2"]
[WhiteElo "1646"]
[BlackElo "1598"]
[PlyCount "119"]
[EventDate "2015.08.22"]
[EventType "swiss"]
[EventRounds "9"]
[EventCountry "ESP"]
[SourceTitle "EXT 2016"]
[Source "ChessBase"]
[SourceDate "2015.10.08"]
[SourceVersion "1"]
[SourceVersionDate "2015.10.08"]
[SourceQuality "1"]

1. e4 c6 2. Bc4 d5 3. exd5 cxd5 4. Bb3 Nf6 5. d4 Nc6 6. c3 Bf5 7. Bc2 Bxc2 8. Qxc2 e6 9. Nf3 Be7 10. Be3 0-0 11. Nbd2 Rc8 12. Nf1 b5 13. a3 Qa5 14. Ng3 b4 15. 0-0 bxc3 16. b4 Qa6 17. h4 Ng4 18. Bg5 Qb7 19. Rfb1 a6 20. Bxe7 Nxe7 21. Ng5 g6 22. h5 h6 23. Nf3 Nf5 24. Re1 Rfe8 25. hxg6 fxg6 26. Rad1 Kg7 27. Nxf5+ exf5 28. Ne5 Nxe5 29. dxe5 Qc6 30. Rd3 Re6 31. f4 Qc4 32. Rf1 d4 33. Rff3 Rb6 34. Rh3 a5 35. Rdg3 axb4 36. Qxf5 c2 37. Qd7+ Kf8 38. Rxh6 c1Q+ 39. Kh2 Qg8 40. Rh7 Qxh7+ 41. Qxh7 Qc7 42. Qh8+ Kf7 43. Qh7+ Ke6 44. Qxc7 Rxc7 45. Rxg6+ Ke7 46. Rxb6 bxa3 47. Ra6 Rc3 48. Kg1 d3 49. Kf2 a2 50. Ke3 Rc2 51. g4 d2 52. Ke2 Rb2 53. Ra7+ Kd8 54. Ra8+ Kc7 55. Ra7+ Kb8 56. Ra4 d1Q+ 57. Kxd1 Rb1+ 58. Ke2 a1Q 59. Rxa1 Rxa1 60. Kf3 1/2-1/2

[Event "ESP-ch Seniors 10th"]
[Site "Mondariz"]
[Date "2012.10.16"]
[Round "7"]
[White "Benito Alba, Eladio"]
[Black "Gutierrez Leon, Cristobal"]
[Result "0-1"]
[WhiteElo "1736"]
[BlackElo "1947"]
[PlyCount "38"]
[EventDate "2012.10.10"]
[EventType "swiss"]
[EventRounds "9"]
[EventCountry "ESP"]
[SourceTitle "EXT 2013"]
[Source "ChessBase"]
[SourceDate "2012.11.22"]
[SourceVersion "1"]
[SourceVersionDate "2012.11.22"]
[SourceQuality "1"]

1. d4 d5 2. c4 c6 3. e3 Nf6 4. Nf3 e6 5. Nc3 Bb4 6. Bd3 Nbd7 7. 0-0 0-0 8. Qc2 h6 9. Bd2 Bxc3 10. Bxc3 dxc4 11. Bxc4 Qc7 12. Rfd1 b5 13. Be2 a5 14. a3 Bb7 15. b4 axb4 16. Bxb4 Rfc8 17. Rac1 Nd5 18. Bxb5 cxb5 19. Qb2 Qb6 0-1

[Event "ESP-ch Seniors 10th"]
[Site "Mondariz"]
[Date "2012.10.14"]
[Round "5"]
[White "Sio Areal, Manuel"]
[Black "Benito Alba, Eladio"]
[Result "0-1"]
[WhiteElo "1415"]
[BlackElo "1736"]
[PlyCount "62"]
[EventDate "2012.10.10"]
[EventType "swiss"]
[EventRounds "9"]
[EventCountry "ESP"]
[SourceTitle "EXT 2013"]
[Source "ChessBase"]
[SourceDate "2012.11.22"]
[SourceVersion "1"]
[SourceVersionDate "2012.11.22"]
[SourceQuality "1"]

1. d4 d5 2. Bf4 Nf6 3. Nf3 e6 4. Nbd2 c5 5. e3 Nc6 6. c3 Bd6 7. Ne5 0-0 8. Bd3 Qc7 9. Ndf3 Ne7 10. Bg5 Ng6 11. Bxf6 gxf6 12. h4 Nxe5 13. dxe5 Bxe5 14. Nxe5 Qxe5 15. Kd2 Kh8 16. f4 Qd6 17. Qh5 f5 18. g4 d4 19. gxf5 exf5 20. Raf1 dxe3+ 21. Ke2 Qf6 22. Rhg1 Be6 23. Rg5 Rg8 24. Rxf5 Bxf5 25. Bxf5 Rg7 26. Rg1 Rag8 27. Rg5 h6 28. Rg4 Rxg4 29. Bxg4 Qxf4 30. Bf3 Rd8 31. Ke1 Qg3+ 0-1

[Event "ESP-ch Seniors 10th"]
[Site "Mondariz"]
[Date "2012.10.10"]
[Round "1"]
[White "Benito Alba, Eladio"]
[Black "Ciuro Munoz, Ricardo"]
[Result "0-1"]
[WhiteElo "1736"]
[BlackElo "2087"]
[PlyCount "54"]
[EventDate "2012.10.10"]
[EventType "swiss"]
[EventRounds "9"]
[EventCountry "ESP"]
[SourceTitle "EXT 2013"]
[Source "ChessBase"]
[SourceDate "2012.11.22"]
[SourceVersion "1"]
[SourceVersionDate "2012.11.22"]
[SourceQuality "1"]

1. d4 e6 2. c4 c5 3. d5 exd5 4. cxd5 d6 5. Nc3 a6 6. a4 Ne7 7. e4 Ng6 8. Nf3 Be7 9. Be2 0-0 10. 0-0 Re8 11. Qc2 Bf6 12. Re1 Nd7 13. Bd2 Nde5 14. Ra3 Bd7 15. a5 Rc8 16. Na4 Bxa4 17. Rxa4 Rc7 18. Ra3 Rce7 19. Bc3 Nf4 20. Bxe5 Bxe5 21. Nxe5 Rxe5 22. f3 Qh4 23. g3 Rg5 24. Bf1 Rxg3+ 25. hxg3 Qxg3+ 26. Kh1 Qxe1 27. Qc4 Re5 0-1

[Event "Collado Villalba op-B 29th"]
[Site "Collado Villalba"]
[Date "2012.08.27"]
[Round "4"]
[White "Benito Alba, Eladio"]
[Black "Melcon Mediavilla, Rodrigo"]
[Result "1-0"]
[WhiteElo "1731"]
[BlackElo "1453"]
[PlyCount "61"]
[EventDate "2012.08.24"]
[EventType "swiss"]
[EventRounds "9"]
[EventCountry "ESP"]
[SourceTitle "CBM 150 Extra"]
[Source "ChessBase"]
[SourceDate "2012.10.19"]
[SourceVersion "1"]
[SourceVersionDate "2012.10.19"]
[SourceQuality "1"]

1. d4 d6 2. c4 Nf6 3. Nc3 g6 4. Nf3 Bg7 5. g3 b6 6. Bg2 Bb7 7. 0-0 Nbd7 8. Qc2 0-0 9. e4 e6 10. Bg5 Qc8 11. Rfe1 e5 12. d5 Nc5 13. b4 Ncd7 14. Bh3 h6 15. Bxf6 Bxf6 16. Rac1 Qd8 17. a4 a6 18. Bf1 c6 19. dxc6 Bxc6 20. Red1 Qc7 21. Nd5 Qd8 22. b5 Bxd5 23. Rxd5 Nc5 24. Rcd1 Be7 25. Nxe5 axb5 26. Nc6 Qc7 27. axb5 Rfe8 28. e5 dxe5 29. Rxe5 Nd7 30. Rxe7 Rxe7 31. Nxe7+ 1-0

[Event "Collado Villalba op-B 29th"]
[Site "Collado Villalba"]
[Date "2012.08.25"]
[Round "2"]
[White "Rodriguez del Pino, Daniel"]
[Black "Benito Alba, Eladio"]
[Result "1-0"]
[WhiteElo "1895"]
[BlackElo "1731"]
[PlyCount "41"]
[EventDate "2012.08.24"]
[EventType "swiss"]
[EventRounds "9"]
[EventCountry "ESP"]
[SourceTitle "CBM 150 Extra"]
[Source "ChessBase"]
[SourceDate "2012.10.19"]
[SourceVersion "1"]
[SourceVersionDate "2012.10.19"]
[SourceQuality "1"]

1. e4 c6 2. Nc3 d5 3. Qf3 dxe4 4. Nxe4 e6 5. Bc4 Nf6 6. Ne2 Be7 7. d4 Nbd7 8. Bf4 Nxe4 9. Qxe4 Nf6 10. Qf3 Qb6 11. 0-0-0 0-0 12. g4 Nd5 13. h4 Nxf4 14. Nxf4 Rd8 15. Qe4 Bf6 16. c3 g6 17. g5 Bg7 18. h5 e5 19. hxg6 exf4 20. gxf7+ Kf8 21. Rde1 1-0

[Event "EU-ch Seniors 11th"]
[Site "Courmayeur"]
[Date "2011.04.06"]
[Round "1"]
[White "Zhelesny, Stanislav"]
[Black "Benito Alba, Eladio"]
[Result "1/2-1/2"]
[WhiteElo "2172"]
[BlackElo "1775"]
[PlyCount "50"]
[EventDate "2011.04.06"]
[EventType "swiss"]
[EventRounds "9"]
[EventCountry "ITA"]
[SourceTitle "CBM 141 Extra"]
[Source "ChessBase"]
[SourceDate "2011.05.03"]
[SourceVersion "1"]
[SourceVersionDate "2011.05.03"]
[SourceQuality "1"]

1. Nf3 Nf6 2. g3 g6 3. Bg2 Bg7 4. 0-0 d5 5. d4 0-0 6. Nbd2 Re8 7. Ne5 Nc6 8. Ndf3 Nxe5 9. Nxe5 c6 10. c3 Nd7 11. f4 f6 12. Nxd7 Bxd7 13. e4 e6 14. Qb3 Qb6 15. Be3 f5 16. e5 Bf8 17. c4 Qb4 18. Rfc1 Red8 19. cxd5 Qxb3 20. axb3 exd5 21. Bd2 Be7 22. b4 a6 23. Ra3 Kf7 24. Bf3 h5 25. Kg2 Be6 1/2-1/2

[Event "ESP-ch Veterans"]
[Site "Madrid"]
[Date "2010.02.10"]
[Round "3"]
[White "Fernandez Garcia, Ignacio"]
[Black "Benito Alba, Eladio"]
[Result "0-1"]
[WhiteElo "1905"]
[BlackElo "1804"]
[PlyCount "70"]
[EventDate "2010.02.08"]
[EventType "swiss"]
[EventRounds "9"]
[EventCountry "ESP"]
[SourceTitle "CBM 134 Extra"]
[Source "ChessBase"]
[SourceDate "2010.03.03"]
[SourceVersion "1"]
[SourceVersionDate "2010.03.03"]
[SourceQuality "1"]

1. e4 c6 2. d4 d5 3. Nc3 dxe4 4. Nxe4 Bf5 5. Ng3 Bg6 6. h4 h6 7. Bc4 e6 8. Nh3 Bd6 9. Bf4 Nf6 10. Qe2 0-0 11. 0-0-0 Qc7 12. Be5 Bxe5 13. dxe5 Nd5 14. f4 b5 15. Bxd5 cxd5 16. f5 exf5 17. Nf4 Bh7 18. Rxd5 a6 19. Rhd1 Nc6 20. Ngh5 Rae8 21. e6 Ne7 22. Rd7 Qc6 23. Qe5 f6 24. Qe3 Qe4 25. Qg3 g6 26. Nxg6 Nxg6 27. Rg7+ Kh8 28. Rxh7+ Kxh7 29. Rd7+ Kh8 30. Rg7 Qxh4 31. Rxg6 Qxh5 32. Rg7 Rg8 33. Rxg8+ Rxg8 34. Qd6 Qh1+ 35. Kd2 Qxg2+ 0-1

[Event "Seville op 34th"]
[Site "Seville"]
[Date "2009.01.23"]
[Round "1"]
[White "Rivas Pastor, Manuel"]
[Black "Benito Alba, Eladio"]
[Result "1-0"]
[WhiteElo "2514"]
[BlackElo "1849"]
[PlyCount "36"]
[EventDate "2009.01.23"]
[EventType "swiss"]
[EventRounds "9"]
[EventCountry "ESP"]
[SourceTitle "CBM 128 Extra"]
[Source "ChessBase"]
[SourceDate "2009.03.05"]
[SourceVersion "2"]
[SourceVersionDate "2009.03.25"]
[SourceQuality "1"]

1. d4 d5 2. c4 c6 3. Nf3 Nf6 4. Nbd2 e6 5. Qc2 Nbd7 6. b3 Be7 7. Bb2 0-0 8. e3 Re8 9. Bd3 Qc7 10. Rc1 Nf8 11. 0-0 Ng6 12. Rfe1 Bf8 13. e4 dxe4 14. Nxe4 Nxe4 15. Rxe4 Bd7 16. h4 h5 17. Ng5 f5 18. Qe2 Nf4 1-0